[Event "EYTCC Open U12 2018"]
[Site "Bad Blankeburg"]
[Date "2018.07.16"]
[Round "6"]
[White "Hommer, Jeremy"]
[Black "Kures, Michael"]
[Result "0-1"]
[WhiteElo "1926"]
[BlackElo "1982"]
[Annotator "NA RC"]
[PlyCount "84"]
[EventDate "2018.07.12"]
[EventType "swiss"]
[EventCountry "GER"]
[SourceTitle "playchess.com"]
[Source "ChessBase"]
[SourceQuality "1"]
[TimeControl "40/5400+30:1800+30"]

1. e4 {[%emt 0:00:00]} c5 {[%emt 0:00:43]} 2. Nf3 {[%emt 0:00:00]} d6 {[%emt 0:00:36]} 3. Bb5+ {[%emt 0:00:34]} Bd7 {[%emt 0:00:16]} 4. Bxd7+ {[%emt 0:02:18]} Nxd7 {[%emt 0:00:22]} 5. O-O {[%emt 0:00:32]} Ngf6 {[%emt 0:03:12]} 6. Re1 {[%emt 0:06:03]} e6 {[%emt 0:02:41]} 7. d4 {[%emt 0:05:55]} cxd4 {[%emt 0:03:06]} 8. Nxd4 {[%emt 0:02:08]} a6 {[%emt 0:00:39] LiveBook: 10 Partien B52: Sizilianisch (Rossolimo-Variante)} (8... Be7 9. c4 O-O 10. b3 Re8 11. Bb2 Nc5 12. Nc3 d5 13. exd5 exd5 14. Nf5 Bf8 15. Rxe8 Qxe8 16. Nxd5 Nxd5 {1-0 (38) Adams,M (2709)-Grandelius,N (2647) Caleta 2018}) 9. Nc3 {[%emt 0:06:31]} Be7 {[%emt 0:01:17]} 10. Be3 {[%emt 0:04:50]} O-O {[%emt 0:01:56]} 11. f3 {[%emt 0:02:25]} Ne5 $146 {[%emt 0:02:12]} ({Vorgänger:} 11... Qc7 12. Nce2 Rac8 13. Rc1 b5 {0-1 (44) Djordjevic,B-Petkovic,M (1953) Nis 2014}) 12. b3 {[%emt 0:05:06]} (12. Bf2 $15) 12... Rc8 {[%emt 0:02:34]} 13. Nce2 {[%emt 0:02:54]} d5 {[%emt 0:02:19]} 14. exd5 {[%emt 0:14:19]} Nxd5 {[%emt 0:01:59]} 15. Bf2 {[%emt 0:00:40]} Bb4 {[%emt 0:06:38]} 16. c3 {[%emt 0:07:13]} Bxc3 {[%emt 0:04:13]} 17. Nxc3 {[%emt 0:00:12]} Nxc3 {[%emt 0:00:17]} 18. Qd2 {[%emt 0:06:46]} Nd7 {[%emt 0:02:34]} 19. Re3 {[%emt 0:09:45]} Nd5 {[%emt 0:00:59]} 20. Re4 {[%emt 0:05:10]} N7f6 {[%emt 0:01:52]} 21. Rh4 {[%emt 0:01:08] [#]} Rc3 {[%emt 0:02:29]} (21... Ne7 $1 $19 22. Qb2 Ng6) 22. Ne2 {[%emt 0:00:59]} Rc7 {[%emt 0:02:24]} 23. Bg3 {[%emt 0:01:32]} Rd7 {[%emt 0:00:44]} 24. Qg5 {[%emt 0:02:22]} (24. Rd4 $17) 24... Ne7 {[%emt 0:10:29]} 25. Be5 $2 {[%emt 0:06:30]} (25. Rc4 $17) 25... Ng6 {[%emt 0:05:57]} 26. Bxf6 {[%emt 0:01:29]} gxf6 {[%emt 0:04:21]} 27. Qg3 {[%emt 0:00:53]} Qb6+ {[%emt 0:01:15]} 28. Kf1 {[%emt 0:02:06]} Rfd8 {[%emt 0:01:34]} 29. Re1 {[%emt 0:00:44]} Rd1 {[%emt 0:02:24]} 30. Rc4 {[%emt 0:00:43]} Qa5 {[%emt 0:07:07]} 31. Nc3 {[%emt 0:01:43]} Rxe1+ {[%emt 0:02:30]} 32. Kxe1 {[%emt 0:00:57]} (32. Qxe1 $142 Kg7 33. h3) 32... Qa3 {[%emt 0:10:13]} 33. Ne4 {[%emt 0:01:02]} Qxa2 {[%emt 0:04:21]} 34. Qc7 {[%emt 0:00:27]} Qa1+ {[%emt 0:01:17]} 35. Rc1 {[%emt 0:00:53]} Qd4 {[%emt 0:00:13]} 36. Ke2 f5 {[%emt 0:02:03]} 37. Ng5 {[%emt 0:00:54]} Qd2+ {[%emt 0:02:08]} 38. Kf1 {[%emt 0:00:05]} Qxg5 {[%emt 0:00:16]} 39. Rc2 {[%emt 0:00:55]} Qe7 {[%emt 0:01:28]} 40. Qa5 {[%emt 0:00:42]} Qd6 {[%emt 0:00:37]} 41. Rc7 {[%emt 0:01:23]} f4 $19 {[%emt 0:01:05]} 42. Rc1 {[%emt 0:01:00]} Qd3+ {[%emt 0:00:20]} 0-1

[Event "EYTCC Open U12 2018"]
[Site "Bad Blankeburg"]
[Date "2018.07.16"]
[Round "6"]
[White "Deuer, Marius"]
[Black "Spizharny, Mikhail"]
[Result "0-1"]
[WhiteElo "1834"]
[BlackElo "2015"]
[Annotator "NA RC"]
[PlyCount "62"]
[EventDate "2018.07.12"]
[EventType "swiss"]
[EventCountry "GER"]
[SourceTitle "playchess.com"]
[Source "ChessBase"]
[SourceQuality "1"]
[TimeControl "40/5400+30:1800+30"]

1. e4 {[%emt 0:00:00]} c5 {[%emt 0:00:00]} 2. Nf3 {[%emt 0:00:00]} e6 {[%emt 0:00:00]} 3. c3 {[%emt 0:00:00]} Nf6 {[%emt 0:00:01]} 4. e5 {[%emt 0:00:00]} Nd5 {[%emt 0:00:13]} 5. d4 {[%emt 0:00:00]} cxd4 {[%emt 0:00:11]} 6. cxd4 {[%emt 0:00:00]} d6 {[%emt 0:00:09]} 7. Bc4 {[%emt 0:00:06]} Nc6 {[%emt 0:00:12]} 8. O-O {[%emt 0:00:12]} Be7 {[%emt 0:00:37]} 9. Bd2 {[%emt 0:00:18] B22: Sicilian: 2 c3} (9. Qe2 O-O 10. a3 Bd7 11. exd6 Bxd6 12. Nc3 Nce7 13. Ne4 Bc6 14. Ne5 Rc8 15. Rd1 Bb8 16. Ng5 Be8 17. Bd3 Nf6 18. Ngf3 Ned5 19. Bd2 a6 20. Rac1 Rxc1 21. Rxc1 Qb6 22. Nc4 Qd8 23. Nce5 Qb6 24. Nc4 Qd8 {½-½ (24) Vachier Lagrave,M (2789)-Caruana,F (2816) Leuven 2018}) 9... O-O {[%emt 0:03:14]} 10. Nc3 {[%emt 0:00:16]} Nb6 {[%emt 0:02:58]} 11. Bb3 {[%emt 0:05:25] LiveBook: 40 Games} d5 {[%emt 0:02:17]} 12. Ne2 {[%emt 0:12:28]} Bd7 $146 {[%emt 0:02:15]} ({Predecessor:} 12... a5 13. Bc2 Nc4 14. Bc1 Nb4 15. Bb1 a4 16. a3 Nc6 {½-½ (60) Thelen,A (2201)-Bergmann,M (2183) GER email 2013}) 13. Ne1 {[%emt 0:10:05]} ({White should play} 13. Nf4 $14) 13... Rc8 {[%emt 0:02:06]} 14. Rc1 {[%emt 0:01:33]} f6 {[%emt 0:04:02]} 15. exf6 {[%emt 0:13:18]} Bxf6 {[%emt 0:01:11]} 16. Bc3 {[%emt 0:00:40]} Be8 {[%emt 0:04:56]} 17. Nd3 {[%emt 0:02:46]} Nc4 {[%emt 0:06:48]} 18. Bxc4 {[%emt 0:05:11]} dxc4 {[%emt 0:00:10]} 19. Ne5 {[%emt 0:00:18]} (19. Nc5 $1 $11 Qe7 20. Nf4) 19... b5 {[%emt 0:07:21]} 20. f4 {[%emt 0:06:24]} (20. a3 $15) 20... Bh5 {[%emt 0:04:19]} 21. g4 {[%emt 0:10:08]} Be8 {[%emt 0:04:08]} 22. b4 {[%emt 0:07:15]} Qd5 {[%emt 0:03:58]} 23. f5 {[%emt 0:04:55]} Bg5 {[%emt 0:05:29]} 24. Nf4 {[%emt 0:01:22]} Qe4 {[%emt 0:02:53]} 25. Nxe6 $2 {[%emt 0:03:15]} (25. Qe1 exf5 26. Qxe4 fxe4 27. Ne6 Rxf1+ 28. Rxf1) 25... Be3+ {[%emt 0:02:29]} 26. Rf2 {[%emt 0:01:22]} Nxe5 {[%emt 0:01:07]} 27. dxe5 {[%emt 0:01:36]} Bc6 {[%emt 0:01:20]} 28. Kf1 {[%emt 0:00:13]} Bxc1 {[%emt 0:02:54]} 29. Nxf8 {[%emt 0:01:44]} Rxf8 {[%emt 0:01:12]} 30. Qc2 Qh1+ {[%emt 0:02:18]} 31. Ke2 {[%emt 0:05:22]} Be4 {[%emt 0:00:29]} 0-1

[Event "EYTCC Open U12 2018"]
[Site "Bad Blankeburg"]
[Date "2018.07.16"]
[Round "6"]
[White "Babula, Vlastimil"]
[Black "Metzdorf, Matteo"]
[Result "1-0"]
[WhiteElo "1800"]
[BlackElo "1878"]
[Annotator "NA RC"]
[PlyCount "87"]
[EventDate "2018.07.12"]
[EventType "swiss"]
[EventCountry "GER"]
[SourceTitle "playchess.com"]
[Source "ChessBase"]
[SourceQuality "1"]
[TimeControl "40/5400+30:1800+30"]

1. e4 {[%emt 0:00:00]} e6 {[%emt 0:00:00]} 2. d4 {[%emt 0:00:07]} d5 {[%emt 0:00:00]} 3. exd5 {[%emt 0:01:30]} exd5 {[%emt 0:00:00]} 4. c4 {[%emt 0:00:54]} Nf6 {[%emt 0:04:39]} 5. Nc3 {[%emt 0:01:39]} Be7 {[%emt 0:05:18]} 6. Nf3 {[%emt 0:02:05]} O-O {[%emt 0:06:02]} 7. Bd3 {[%emt 0:05:53]} c6 {[%emt 0:03:28]} 8. O-O {[%emt 0:00:08]} Bg4 {[%emt 0:02:11] LiveBook: 10 Partien} 9. c5 {[%emt 0:01:58] C01: French: Exchange Variation} (9. h3 Bh5 10. Bf4 dxc4 11. Bxc4 Nbd7 12. Rc1 Nb6 13. Bd3 Nbd5 14. Nxd5 Nxd5 15. Bg3 Bg6 16. Bxg6 hxg6 17. Re1 Bf6 18. Ne5 Re8 19. a3 {½-½ (19) Kagramanianz,V (2292)-Boricsev,O (2343) Mukachevo 2017}) 9... b6 {[%emt 0:01:36]} 10. b4 {[%emt 0:00:08]} a5 {[%emt 0:00:24]} 11. Na4 {[%emt 0:01:23] [#]} Nbd7 $1 {[%emt 0:00:50]} 12. Rb1 $146 {[%emt 0:07:34]} (12. Nxb6 $15 Nxb6 13. cxb6 Bxf3 14. Qxf3 Qxb6 15. Bg5) ({Predecessor:} 12. Bd2 axb4 13. Bxb4 bxc5 14. Nxc5 Nxc5 15. dxc5 {½-½ (53) Baranyai,S-Lovasi,K Hungary 1993}) 12... axb4 {[%emt 0:02:17]} 13. cxb6 {[%emt 0:02:48]} Nxb6 {[%emt 0:01:38]} 14. Nxb6 {[%emt 0:09:04]} Qxb6 {[%emt 0:00:14]} 15. Be3 {[%emt 0:01:00]} Rxa2 {[%emt 0:04:36]} 16. h3 {[%emt 0:02:00]} Bh5 {[%emt 0:14:46]} 17. g4 {[%emt 0:07:02]} Bg6 $19 {[%emt 0:01:02]} 18. Ne5 {[%emt 0:00:15]} Rc8 {[%emt 0:08:40]} 19. g5 {[%emt 0:19:38]} Ne8 {[%emt 0:07:04]} 20. Bxg6 {[%emt 0:00:47]} hxg6 {[%emt 0:01:09]} 21. h4 {[%emt 0:00:29]} Nd6 {[%emt 0:06:50]} 22. h5 {[%emt 0:02:49]} gxh5 {[%emt 0:03:12]} 23. Qxh5 {[%emt 0:00:36]} g6 {[%emt 0:00:43]} 24. Nxg6 {[%emt 0:04:11]} fxg6 {[%emt 0:00:32]} 25. Qxg6+ {[%emt 0:00:05]} Kf8 {[%emt 0:00:36]} 26. Qe6 {[%emt 0:02:02]} Qd8 {[%emt 0:13:00]} 27. f4 {[%emt 0:03:07]} Ra3 {[%emt 0:03:30]} 28. Rf3 {[%emt 0:00:53]} Nf7 {[%emt 0:06:43]} 29. g6 {[%emt 0:01:20]} Nh8 {[%emt 0:00:59]} 30. Rh3 {[%emt 0:02:53]} Bh4 {[%emt 0:01:49]} 31. f5 {[%emt 0:03:32]} Kg7 {[%emt 0:00:50]} 32. Rxb4 {[%emt 0:05:11]} Ra1+ {[%emt 0:00:38]} 33. Kg2 {[%emt 0:00:07]} Ra2+ {[%emt 0:00:13]} 34. Kf3 {[%emt 0:00:08]} Rc7 {[%emt 0:00:38]} 35. Qe5+ {[%emt 0:01:13]} Bf6 {[%emt 0:00:47]} 36. Rh7+ {[%emt 0:00:11]} Kg8 {[%emt 0:00:28]} 37. Qxc7 {[%emt 0:00:55]} Qxc7 {[%emt 0:00:20]} 38. Rxc7 {[%emt 0:00:08]} Ra8 {[%emt 0:00:21]} 39. Bh6 {[%emt 0:01:08]} Re8 {[%emt 0:00:26]} 40. Ra4 {[%emt 0:03:15]} Rd8 {[%emt 0:00:34]} 41. Raa7 {[%emt 0:30:44]} Re8 {[%emt 0:30:21]} 42. Bg7 {[%emt 0:01:37]} Bg5 {[%emt 0:00:32]} 43. Be5 {[%emt 0:00:22]} Rd8 {[%emt 0:00:27]} 44. Rh7 {[%emt 0:00:26]} 1-0

[Event "EYTCC Open U12 2018"]
[Site "Bad Blankeburg"]
[Date "2018.07.16"]
[Round "6"]
[White "Costa, Leonardo"]
[Black "Hlavina, Matous"]
[Result "0-1"]
[WhiteElo "1746"]
[BlackElo "1776"]
[Annotator "NA RC"]
[PlyCount "148"]
[EventDate "2018.07.12"]
[EventType "swiss"]
[EventCountry "GER"]
[SourceTitle "playchess.com"]
[Source "ChessBase"]
[SourceQuality "1"]
[TimeControl "40/5400+30:1800+30"]

1. e4 {[%emt 0:00:00]} e6 {[%emt 0:00:03]} 2. d4 {[%emt 0:00:00]} d5 {[%emt 0:00:32]} 3. Nd2 {[%emt 0:00:00]} Nf6 {[%emt 0:01:09]} 4. e5 {[%emt 0:00:00]} Nfd7 {[%emt 0:00:02]} 5. Bd3 {[%emt 0:00:23]} c5 {[%emt 0:00:38]} 6. c3 {[%emt 0:00:09]} Nc6 {[%emt 0:01:03]} 7. Ne2 {[%emt 0:00:52]} cxd4 {[%emt 0:01:07]} 8. cxd4 {[%emt 0:00:08]} f6 {[%emt 0:01:06]} 9. exf6 {[%emt 0:01:23]} Nxf6 10. O-O {[%emt 0:01:23]} Bd6 {[%emt 0:02:06]} 11. Nf3 {[%emt 0:01:10]} Qc7 {[%emt 0:00:41]} 12. h3 {[%emt 0:02:15]} O-O {[%emt 0:03:59]} 13. Be3 {[%emt 0:01:58]} Bd7 {[%emt 0:02:54]} 14. Rc1 {[%emt 0:05:10]} Rae8 {[%emt 0:09:29]} 15. Nc3 {[%emt 0:26:24]} a6 {[%emt 0:06:54]} 16. Re1 {[%emt 0:05:43]} Kh8 {[%emt 0:04:06]} 17. Bb1 {[%emt 0:02:04]} Qb8 {[%emt 0:11:03]} 18. Qd3 {[%emt 0:07:55]} g6 {[%emt 0:06:57]} 19. Bh6 {[%emt 0:10:14]} Rf7 {[%emt 0:06:37]} 20. Ng5 {[%emt 0:01:12]} Rfe7 {[%emt 0:00:50]} 21. Qf3 {[%emt 0:00:19]} Ng8 {[%emt 0:08:19]} 22. Nf7+ {[%emt 0:08:31]} Rxf7 {[%emt 0:00:11]} 23. Qxf7 {[%emt 0:00:06]} Nxh6 {[%emt 0:00:33]} 24. Qf6+ {[%emt 0:04:18]} Kg8 {[%emt 0:01:08]} 25. Rcd1 {[%emt 0:06:28]} Rf8 {[%emt 0:05:26]} 26. Qh4 {[%emt 0:00:45]} Nf5 {[%emt 0:01:25]} 27. Qg4 {[%emt 0:02:53]} Kg7 {[%emt 0:04:44]} 28. Rd2 {[%emt 0:03:07]} h5 {[%emt 0:04:32]} 29. Qd1 {[%emt 0:00:09]} Qa7 {[%emt 0:00:51]} 30. Bxf5 {[%emt 0:03:52]} Rxf5 {[%emt 0:00:23]} 31. a3 {[%emt 0:01:25]} Na5 {[%emt 0:02:55]} 32. Rde2 {[%emt 0:01:45]} Nc6 {[%emt 0:03:03]} 33. Rd2 {[%emt 0:00:17]} Bf4 {[%emt 0:02:21]} 34. Rd3 {[%emt 0:00:23]} Bg5 {[%emt 0:01:11]} 35. Re2 {[%emt 0:01:54]} Rf4 {[%emt 0:02:15]} 36. Red2 {[%emt 0:00:31]} Rh4 {[%emt 0:02:07]} 37. g3 {[%emt 0:00:28]} Bxd2 {[%emt 0:00:34]} 38. gxh4 {[%emt 0:00:54]} Bh6 {[%emt 0:01:33]} 39. Rg3 {[%emt 0:00:14]} Kh7 {[%emt 0:01:02]} 40. Qf3 {[%emt 0:02:11]} Qxd4 {[%emt 0:01:28]} 41. Ne2 {[%emt 0:30:55]} Qg7 {[%emt 0:31:19]} 42. Qb3 {[%emt 0:00:00]} b5 {[%emt 0:00:00]} 43. Kh1 {[%emt 0:00:00]} Na5 {[%emt 0:00:00]} 44. Qb4 {[%emt 0:00:00]} Nc4 {[%emt 0:00:00]} 45. b3 {[%emt 0:00:00]} Qa1+ {[%emt 0:00:00]} 46. Kh2 {[%emt 0:00:00]} Qxa3 {[%emt 0:00:00]} 47. Qc3 {[%emt 0:00:00]} Bg7 {[%emt 0:00:00]} 48. Qc2 {[%emt 0:00:00]} Ne5 {[%emt 0:00:00]} 49. f4 {[%emt 0:00:00]} Be8 {[%emt 0:00:00]} 50. fxe5 {[%emt 0:00:00]} Bxe5 {[%emt 0:00:00]} 51. Kg2 {[%emt 0:00:00]} Bxg3 {[%emt 0:00:00]} 52. Nxg3 {[%emt 0:00:00]} Qe7 {[%emt 0:00:00]} 53. Nxh5 {[%emt 0:00:00]} Kh6 {[%emt 0:00:00]} 54. Ng3 {[%emt 0:00:00]} Qxh4 {[%emt 0:00:00]} 55. Qc8 {[%emt 0:00:00]} Qe7 {[%emt 0:00:00]} 56. Qxa6 {[%emt 0:00:00]} Bd7 {[%emt 0:00:00]} 57. Qa8 {[%emt 0:00:00]} Qg7 {[%emt 0:00:00]} 58. Qa2 {[%emt 0:00:00]} Qd4 {[%emt 0:00:00]} 59. Qe2 {[%emt 0:00:50]} e5 {[%emt 0:01:01]} 60. Qf3 {[%emt 0:01:02]} Kg7 {[%emt 0:02:14]} 61. Kh2 {[%emt 0:01:36]} Qd2+ {[%emt 0:00:53]} 62. Kg1 {[%emt 0:02:26]} e4 {[%emt 0:01:05]} 63. Qg2 {[%emt 0:01:29]} Qxg2+ {[%emt 0:00:55]} 64. Kxg2 {[%emt 0:00:04]} Kf6 {[%emt 0:00:24]} 65. h4 {[%emt 0:00:14]} Bg4 {[%emt 0:00:51]} 66. Nf1 {[%emt 0:01:16]} Ke5 {[%emt 0:00:44]} 67. Ne3 {[%emt 0:01:11]} Bf3+ {[%emt 0:00:25]} 68. Kf2 {[%emt 0:00:07]} d4 {[%emt 0:00:21]} 69. Nc2 {[%emt 0:00:44]} Bd1 {[%emt 0:00:53]} 70. Na3 {[%emt 0:00:13]} Bxb3 {[%emt 0:00:30]} 71. Nxb5 {[%emt 0:00:04]} e3+ {[%emt 0:00:21]} 72. Ke1 {[%emt 0:00:03]} d3 {[%emt 0:00:48]} 73. Nc3 {[%emt 0:00:22]} d2+ {[%emt 0:00:40]} 74. Ke2 {[%emt 0:00:04]} Kd4 {[%emt 0:01:06]} 0-1

[Event "EYTCC Open U12 2018"]
[Site "Bad Blankeburg"]
[Date "2018.07.16"]
[Round "6"]
[White "Ermitsch, Magnus"]
[Black "Navumenka, Mikhei"]
[Result "1-0"]
[WhiteElo "1594"]
[BlackElo "1965"]
[Annotator "NA RC"]
[PlyCount "101"]
[EventDate "2018.07.12"]
[EventType "swiss"]
[EventCountry "GER"]
[SourceTitle "playchess.com"]
[Source "ChessBase"]
[SourceQuality "1"]
[TimeControl "40/5400+30:1800+30"]

1. e4 {[%emt 0:00:33]} e6 {[%emt 0:00:09]} 2. d4 {[%emt 0:00:52]} d5 {[%emt 0:00:07]} 3. Nc3 {[%emt 0:01:10]} Nf6 {[%emt 0:00:19]} 4. Bg5 {[%emt 0:01:24]} Be7 {[%emt 0:02:41]} 5. e5 {[%emt 0:02:35]} Nfd7 {[%emt 0:00:40]} 6. h4 {[%emt 0:02:41]} Bxg5 {[%emt 0:03:58]} 7. hxg5 {[%emt 0:00:22]} Qxg5 {[%emt 0:00:07]} 8. Qd3 {[%emt 0:01:37] C14: Französische Verteidigung (Klassische Hauptvariante)} Nf8 {[%emt 0:13:41]} 9. Nh3 {[%emt 0:05:58]} Qe7 {[%emt 0:00:11]} 10. Nf4 {[%emt 0:13:59] LiveBook: 5 Games} a6 $146 {[%emt 0:04:01]} ({Vorgänger:} 10... Nc6 11. O-O-O Bd7 12. Qg3 Rg8 13. Ncxd5 exd5 14. Nxd5 Qd8 15. Nf6+ gxf6 16. Qxg8 fxe5 17. dxe5 {½-½ (42) Lagno,K (2499)-Kortschnoj,V (2567) Marianske Lazne 2009}) 11. Be2 {[%emt 0:08:21]} c5 {[%emt 0:03:58]} 12. O-O-O {[%emt 0:05:07]} c4 {[%emt 0:02:24]} 13. Qg3 {[%emt 0:01:16]} Ng6 {[%emt 0:00:30]} 14. Nxg6 {[%emt 0:00:51]} fxg6 {[%emt 0:00:03]} 15. Rxh7 {[%emt 0:01:16]} Rxh7 {[%emt 0:00:44]} 16. Qxg6+ {[%emt 0:00:12]} Kd8 {[%emt 0:00:30]} 17. Qxh7 {[%emt 0:00:10]} Nc6 {[%emt 0:00:19]} 18. f4 {[%emt 0:04:36]} b5 {[%emt 0:01:58]} 19. Bf3 {[%emt 0:03:32]} b4 {[%emt 0:07:39]} 20. Qg8+ {[%emt 0:02:38]} Qe8 {[%emt 0:02:20]} 21. Qxe8+ {[%emt 0:01:09]} Kxe8 {[%emt 0:00:01]} 22. Na4 {[%emt 0:01:27]} Ke7 {[%emt 0:00:23]} 23. Nb6 {[%emt 0:00:53]} Rb8 {[%emt 0:00:03]} 24. Nxc4 {[%emt 0:00:20]} Bd7 {[%emt 0:00:35]} 25. Ne3 {[%emt 0:00:53]} g6 {[%emt 0:00:21]} 26. c3 {[%emt 0:02:01]} Rc8 {[%emt 0:02:27]} 27. Kd2 {[%emt 0:03:04]} Kf7 {[%emt 0:02:27]} (27... Rf8 $142 28. g3 bxc3+ 29. bxc3 Rb8) 28. Ng4 {[%emt 0:03:27]} bxc3+ {[%emt 0:00:44]} 29. bxc3 {[%emt 0:00:14]} Na5 {[%emt 0:00:10]} 30. Rb1 {[%emt 0:03:56]} Nc4+ {[%emt 0:00:06]} 31. Kc1 {[%emt 0:00:33]} Bc6 {[%emt 0:05:08]} 32. Be2 {[%emt 0:04:59]} Rh8 {[%emt 0:08:03]} 33. Bxc4 $1 {[%emt 0:05:23]} dxc4 {[%emt 0:00:15]} 34. Rb6 {[%emt 0:00:33]} Bxg2 {[%emt 0:00:46]} 35. Rxa6 {[%emt 0:00:43]} Rh4 {[%emt 0:08:44]} 36. Ne3 {[%emt 0:01:29]} Be4 {[%emt 0:00:14]} 37. d5 {[%emt 0:04:29]} Bxd5 {[%emt 0:00:56]} 38. Nxd5 {[%emt 0:00:09]} exd5 {[%emt 0:00:04]} 39. Rf6+ {[%emt 0:00:17]} Kg7 {[%emt 0:00:47]} 40. a4 {[%emt 0:00:35]} Rh1+ {[%emt 0:02:03]} 41. Kb2 {[%emt 0:30:13]} Rh2+ {[%emt 0:30:26]} 42. Ka3 {[%emt 0:00:34]} Rc2 {[%emt 0:00:07]} 43. Kb4 {[%emt 0:00:23]} Ra2 {[%emt 0:01:22]} 44. a5 {[%emt 0:01:35]} Ra1 $18 {[%emt 0:00:43]} 45. a6 {[%emt 0:00:22]} Ra2 {[%emt 0:00:05]} 46. Kc5 {[%emt 0:00:19]} Ra3 {[%emt 0:01:47]} 47. Kd4 {[%emt 0:00:32]} Ra5 {[%emt 0:00:07]} 48. Rd6 {[%emt 0:00:54]} Kf7 {[%emt 0:00:23]} 49. Rxd5 {[%emt 0:00:26]} Rxa6 {[%emt 0:00:04]} 50. Rd7+ {[%emt 0:02:15]} Kf8 {[%emt 0:01:20]} 51. Rd6 {[%emt 0:00:53]} 1-0

[Event "EYTCC Open U12 2018"]
[Site "Bad Blankeburg"]
[Date "2018.07.16"]
[Round "7"]
[White "Droin, Augustin"]
[Black "Laux, Dominik"]
[Result "1/2-1/2"]
[WhiteElo "2095"]
[BlackElo "1943"]
[Annotator "NA"]
[PlyCount "82"]
[EventDate "2018.07.12"]
[EventType "swiss"]
[EventCountry "GER"]
[SourceTitle "playchess.com"]
[Source "ChessBase"]
[SourceQuality "1"]
[TimeControl "40/5400+30:1800+30"]

1. e4 {[%emt 0:00:00]} c6 {[%emt 0:00:00]} 2. d4 {[%emt 0:00:03]} d5 {[%emt 0:00:00]} 3. Nc3 {[%emt 0:00:24]} dxe4 {[%emt 0:00:29]} 4. Nxe4 {[%emt 0:00:06]} Bf5 {[%emt 0:00:17]} 5. Ng3 {[%emt 0:00:50]} Bg6 {[%emt 0:00:36]} 6. Nh3 {[%emt 0:01:38]} e6 {[%emt 0:02:32] B18: Caro-Kann (Hauptvariante)} 7. Bc4 {[%emt 0:00:33]} (7. Nf4 Bd6 8. c3 Nf6 9. h4 Bxf4 10. Bxf4 h6 11. a4 O-O 12. a5 Nd5 13. Bd2 Nd7 14. c4 N5f6 15. h5 Bh7 16. Bc3 c5 {1-0 (68) Ivanchuk,V (2726)-Artemiev,V (2691) Huaian 2017}) 7... Nf6 {[%emt 0:02:26]} 8. O-O {[%emt 0:02:11]} Bd6 {[%emt 0:04:44]} 9. f4 {[%emt 0:00:46] LiveBook: 20 Partien} O-O {[%emt 0:02:42]} 10. c3 {[%emt 0:03:48]} ({White should try} 10. f5 $11 exf5 11. Nxf5) 10... Nbd7 $146 {[%emt 0:03:29]} ({Vorgänger:} 10... Qc7 11. Qf3 Nbd7 12. Ng5 Rae8 13. b4 b6 14. Be3 {½-½ (48) Bokros,A (2458)-Bodiroga,P (2390) Hungary 2014}) 11. f5 {[%emt 0:02:40]} Bxf5 {[%emt 0:03:28]} 12. Nxf5 {[%emt 0:00:25]} exf5 {[%emt 0:00:08]} 13. Rxf5 {[%emt 0:01:12]} Qc7 {[%emt 0:01:46]} 14. Bf4 {[%emt 0:05:39]} Bxf4 {[%emt 0:02:07]} 15. Rxf4 $11 {[%emt 0:03:22]} h6 {[%emt 0:07:28]} 16. Bb3 {[%emt 0:04:04]} Rfe8 {[%emt 0:04:09]} 17. Qf3 {[%emt 0:04:03]} Re7 {[%emt 0:06:20]} 18. Nf2 {[%emt 0:14:39]} Rae8 {[%emt 0:11:58]} 19. Ng4 {[%emt 0:02:48]} Nxg4 {[%emt 0:01:34]} 20. Qxg4 {[%emt 0:03:27]} Re1+ {[%emt 0:07:36]} 21. Rxe1 {[%emt 0:05:08]} Rxe1+ {[%emt 0:00:17]} 22. Kf2 {[%emt 0:01:19]} Re7 {[%emt 0:00:36]} 23. h4 {[%emt 0:10:45]} Qd6 {[%emt 0:08:06]} 24. Re4 {[%emt 0:12:46]} Nf6 {[%emt 0:10:03]} 25. Qc8+ {[%emt 0:00:18]} Kh7 {[%emt 0:00:15]} 26. Rxe7 {[%emt 0:00:17]} Qxe7 {[%emt 0:00:20]} 27. Qf5+ {[%emt 0:02:33]} g6 {[%emt 0:03:45]} 28. Qf4 {[%emt 0:00:46]} Nd5 {[%emt 0:02:55]} 29. Bxd5 {[%emt 0:04:15]} cxd5 {[%emt 0:00:08]} 30. Kf3 {[%emt 0:04:54]} a6 {[%emt 0:04:41]} 31. Qe5 {[%emt 0:03:17]} Qd7 {[%emt 0:06:04]} 32. Qf6 {[%emt 0:01:36]} h5 {[%emt 0:01:19]} 33. Qf4 {[%emt 0:03:11]} Kg7 {[%emt 0:01:29]} 34. Kf2 {[%emt 0:01:00]} Kg8 {[%emt 0:01:18]} 35. b3 {[%emt 0:00:43]} Qc6 {[%emt 0:00:48]} 36. Qf3 {[%emt 0:01:35]} Qd7 {[%emt 0:00:40]} 37. Ke2 {[%emt 0:00:50]} Qe6+ {[%emt 0:00:49]} 38. Kd2 {[%emt 0:00:44]} b5 {[%emt 0:00:45]} 39. Qf4 {[%emt 0:00:47]} Qc6 {[%emt 0:00:35]} 40. Qe5 {[%emt 0:00:14]} Kh7 {[%emt 0:00:38]} 41. Qf4 {[%emt 0:30:44]} Qe6 {[%emt 0:02:00]} 1/2-1/2